KOHA-Header-6

Income Tax Principles and Practice (Record no. 2817)

000 -LEADER
fixed length control field 00283nam a2200109Ia 4500
008 - FIXED-LENGTH DATA ELEMENTS--GENERAL INFORMATION
fixed length control field 190902s9999||||xx |||||||||||||| ||und||
100 ## - MAIN ENTRY--PERSONAL NAME
Personal name Muhammad Muzzam Mughal
245 #0 - TITLE STATEMENT
Title Income Tax Principles and Practice
260 ## - PUBLICATION, DISTRIBUTION, ETC. (IMPRINT)
Place of publication, distribution, etc Karachi
Name of publisher, distributor, etc Book Sellers
Date of publication, distribution, etc 2006
300 ## - PHYSICAL DESCRIPTION
Extent 462
942 ## - ADDED ENTRY ELEMENTS (KOHA)
Koha item type Books
Holdings
Withdrawn status Lost status Damaged status Not for loan Collection code Permanent Location Current Location Shelving location Date acquired Total Checkouts Barcode Date last seen Date checked out Price effective from Koha item type
        Law MAJU MAJU Shelf No.A46 2019-09-02 2 6478 2023-02-10 2023-02-10 2019-09-02 Law

Powered by Koha